00821nam a2200241Ia 4500001000600000003000900006008004100015040001300056040001300069041001200082100001800094100002900112245006900141245002000210250001100230260001100241260002700252260004900279300005700328500013600385650002700521650003100548A8005IT-RoPAU130308s9999 xx 000 0 und d aIT-RoPAU cIT-RoPAU aINGLESE aMartin Angela gCodice Aut. SPICS: 36316 aChantal Akerman's Films: Notes on the Issues Raised for Feminism bFilms For Women a1a ed. aLONDON bBritish Film Institute c1987 [1° Ed.:1986 - Ed.Ling.Originale:1979] a"10 p. (prefazione: no ; testo: 10 [pagine: 62-71])" aNote Sul Femminismo a Proposito dei Film di Chantal Akerman. regista Come Creatore. spettatore e Critico. Femminismo e Avanguardia. aGENERI CINEMATOGRAFICI eCodice materia Spics: 6810